banner-ar

ARTS AND CRAFTS STYLE / (Record no. 13717)

MARC details
000 -الفاتح
حقل البيانات ثابتة الطول 00522nam a2200217Ia 4500
008 - عناصر البيانات ثابتة الطول - معلومات عامة
حقل البيانات ثابتة الطول 140319s9999 xx 000 0 eng d
040 ## - مصدر الفهرسة
وكالة الفهرسة الأصلية GCL /
وكالة النسخ GCL
082 04 - رقم تصنيف ديوى العشرى
رقم التصنيف 745
رقم المادة A A
100 1# - المدخل الرئيسى - إسم شخصى
الإسم الشخصى ANSCOMBE, ISABELLE
245 10 - بيان العنوان
العنوان ARTS AND CRAFTS STYLE /
بيان المسئوليه,etc ANSCOMBE, ISABELLE
260 ## - PUBLICATION, DISTRIBUTION, ETC. (IMPRINT)
تاريخ النشر أو التوزيع 1996
300 ## - الوصف المادى
التعداد 232 P
650 04 - المدخل الاضافى بالموضوع-مصطلح موضوعى
مصطلح موضوعي ARTS
650 04 - المدخل الاضافى بالموضوع-مصطلح موضوعى
مصطلح موضوعي CRAFTS
650 04 - المدخل الاضافى بالموضوع-مصطلح موضوعى
مصطلح موضوعي DECORATIVE ARTS
650 04 - المدخل الاضافى بالموضوع-مصطلح موضوعى
مصطلح موضوعي FASHION
650 04 - المدخل الاضافى بالموضوع-مصطلح موضوعى
مصطلح موضوعي TILES
650 04 - المدخل الاضافى بالموضوع-مصطلح موضوعى
مصطلح موضوعي LIGHTING
942 ## - عناصر المدخل الإضافي( كوها)
مصدر التصنيف او مخطط الترفيف Dewey Decimal Classification
Koha [default] item type كتاب
260 ## - PUBLICATION, DISTRIBUTION, ETC. (IMPRINT)
-- [S.N] :
-- PHAIDON PRESS, LTD. ،
Holdings
حالة التراجع حالة الفقد حالة تلف ليس للاعارة المكان المؤقت الموقع الحالى تاريخ الاكتساب اجمالي اﻻعارات رقم الطلب الباركود تاريخ اخر مشاهدة تاريخ تفعيل السعر نوع وعاء كوها
        مكتبة القاهرة الكبرى مكتبة القاهرة الكبرى 03/26/2014   745\A A 26089 03/26/2014 03/26/2014 كتاب

Powered By

EGPV